000 00461nam a2200181Ia 4500
005 20250326142433.0
008 250326s9999 xx 000 0 und d
037 _aTextbook
040 _aFMSL
_beng
_cFMSL
041 _aeng
_2eng
084 _aX:87 M2
_qFMSL
100 _aKotter J P
_9742146
245 0 _aGeneral managers
_cKotter J P
260 _aNY
_bNY, Free
_c1982
300 _a232p
942 _cTB
_hX:87 M2
999 _c1295020
_d1295020